| 000 | 00494nam a2200217Ia 4500 | ||
|---|---|---|---|
| 008 | 210210b2013 xxu||||| |||| 00| 0 eng d | ||
| 041 | _aeng | ||
| 082 | _a519.5 RAJB | ||
| 100 | _aRAJ MOHAN | ||
| 245 | _aBusiness statistics: for BBM IV sem | ||
| 260 |
_aUdupi _bBenaka Books, Udupi _c2013 |
||
| 300 | _a347 | ||
| 650 | _astatistics: | ||
| 650 | _asem | ||
| 650 | _aIV | ||
| 650 | _afor | ||
| 650 | _aBusiness | ||
| 650 | _aBBM | ||
| 690 | _aBusiness Statistics | ||
| 906 | _a070708 | ||
| 999 |
_c120107 _d120107 |
||